000 nam a22 7a 4500
999 _c55470
_d55470
003 OSt
005 20220813102921.0
008 220813b xxu||||| |||| 00| 0 eng d
040 _cIIMT UNIVERSITY MEERUT
100 _aGARG, R.P
245 _aAPPLIED MECHANICS
260 _bNAGEEN PRAKASHAN
300 _a236
942 _2ddc
_c09